000 00458nam a2200145Ia 4500
003 OSt
005 20260130151523.0
008 211028s2018 xx 000 0 und d
040 _cAIMIT LIBRARY
041 _aeng
100 _aBhat, Vani; Harinakshi.
_g1616211
_97963
245 _aStudy on how changes in the market price affects the customer's (farmer's) reimbursement of loan at T.M.S Ltd /
260 _aMangalore
_bHarinakshi.
_c2018
942 _2ddc
_cPRO
999 _c219531
_d219531